00394nam a22001217a 4500008004100000041000800041082001800049110005400067245005600121260006300177300001800240650001400258200918b ||||| |||| 00| 0 eng d0 aeng00a954.08bI3911 aMinistry of information and Broad Casting, India.10aThe Collected Works of Mahatma Gandhi, Vol - XIII / aDelhi :bMinistry of information and Broad Casting,c1964. axxiii, 646 p. 0aBiography